[Event "Padova del Santo op-A 6th"]
[Site "Padova"]
[Date "2019.02.16"]
[Round "2.3"]
[White "Grimaldi, Angela Flavia"]
[Black "Andreoli, Mark"]
[Result "1-0"]
[WhiteElo "1906"]
[BlackElo "1843"]
[PlyCount "115"]
[EventDate "2019.02.15"]
[EventType "swiss"]
[EventRounds "5"]
[EventCountry "ITA"]
[SourceTitle "EXT 2024"]
[Source "ChessBase"]
[SourceDate "2023.10.10"]
[SourceVersion "1"]
[SourceVersionDate "2023.10.10"]
[SourceQuality "1"]

1. e4 c5 2. Nf3 d6 3. Bb5+ Nd7 4. c3 a6 5. Ba4 b5 6. Bc2 Bb7 7. Qe2 Ngf6 8. 0-0 g6 9. d4 cxd4 10. cxd4 e5 11. dxe5 dxe5 12. Rd1 Qc7 13. Nc3 Bg7 14. Bg5 0-0 15. Rac1 h6 16. Bxf6 Nxf6 17. Bb3 Rac8 18. Rc2 Qe7 19. Rcd2 Rfd8 20. Rxd8+ Rxd8 21. Rxd8+ Qxd8 22. Nxe5 Qd4 23. Bxf7+ Kf8 24. Nf3 Qc5 25. Bxg6 b4 26. Nd1 Ng4 27. Qd2 Ke7 28. h3 Nf6 29. Qe2 Nd7 30. Bf5 Ne5 31. Nxe5 Bxe5 32. Qd2 Qd6 33. Qxd6+ Kxd6 34. Kf1 Bd4 35. Ke2 Ke5 36. Kd3 Bb6 37. Ne3 Bc7 38. Ng4+ Kf4 39. Nxh6 a5 40. Ng4 Kg5 41. Be6 Bb6 42. Ne3 Kf4 43. Bd5 Ba6+ 44. Bc4 Bb7 45. Nd5+ Bxd5 46. exd5 Bxf2 47. d6 Ke5 48. d7 Bb6 49. Bb5 Bd8 50. g3 Kd5 51. h4 Ke5 52. Kc4 Bb6 53. g4 Kf4 54. g5 Kf5 55. Kd5 Bd8 56. Bd3+ Kg4 57. g6 Bf6 58. g7 1-0

[Event "Forio Festival Ischia 7th"]
[Site "Forio"]
[Date "2015.07.30"]
[Round "4.1"]
[White "Volpinari, Danilo"]
[Black "Andreoli, Mark"]
[Result "1-0"]
[WhiteElo "2001"]
[BlackElo "1971"]
[PlyCount "67"]
[EventDate "2015.07.25"]
[EventType "tourn"]
[EventRounds "7"]
[EventCountry "ITA"]
[SourceTitle "EXT 2024"]
[Source "ChessBase"]
[SourceDate "2023.10.10"]
[SourceVersion "1"]
[SourceVersionDate "2023.10.10"]
[SourceQuality "1"]

1. d4 c5 2. e3 e6 3. Nf3 d5 4. b3 cxd4 5. exd4 f5 6. Bd3 Nf6 7. 0-0 Bd6 8. Re1 0-0 9. Bb2 Nc6 10. a3 Ne4 11. c4 g5 12. Nbd2 g4 13. Bxe4 dxe4 14. Ne5 Qh4 15. Nf1 Bxe5 16. dxe5 Rd8 17. Qc2 b6 18. Rad1 Bb7 19. Rd6 Rxd6 20. exd6 e5 21. Rd1 Rd8 22. b4 Qf6 23. c5 bxc5 24. bxc5 Ba6 25. Qa4 Bb7 26. Ne3 Qe6 27. Qb5 Rd7 28. Bc3 f4 29. Nd5 Nd4 30. Qxd7 Qxd5 31. Qxg4+ Kh8 32. Bxd4 exd4 33. Qxf4 d3 34. Qf8+ 1-0

[Event "Napoli Sociale-ch"]
[Site "Napoli"]
[Date "2012.07.05"]
[Round "6"]
[White "Oliveri, Aldo"]
[Black "Andreoli, Mark"]
[Result "0-1"]
[WhiteElo "1715"]
[BlackElo "1967"]
[PlyCount "70"]
[EventDate "2012.05.31"]
[EventType "swiss"]
[EventRounds "7"]
[EventCountry "ITA"]
[SourceTitle "EXT 2018"]
[Source "ChessBase"]
[SourceDate "2017.10.13"]
[SourceVersion "1"]
[SourceVersionDate "2017.10.13"]
[SourceQuality "1"]

1. d4 c5 2. Nf3 cxd4 3. Nxd4 d5 4. e3 e5 5. Nb3 Nc6 6. Nc3 Nf6 7. Be2 a5 8. a3 a4 9. Nd2 Bf5 10. Bb5 Qa5 11. Bxa4 d4 12. Bxc6+ bxc6 13. exd4 exd4 14. Ne2 c5 15. 0-0 Be7 16. Ng3 Be6 17. Nde4 0-0 18. Re1 Rfe8 19. Ng5 Bd5 20. Bd2 Qb6 21. Nf5 Bf8 22. b3 Qc6 23. f3 h6 24. Nh3 Be6 25. Ng3 Bxh3 26. gxh3 c4 27. b4 c3 28. Bf4 Rxe1+ 29. Qxe1 Qxf3 30. Qf2 Qd5 31. Ne2 Nh5 32. Nxd4 Bxb4 33. Ne2 Nxf4 34. Qxf4 Bc5+ 35. Kf1 Qh1+ 0-1

[Event "Napoli Sociale-ch"]
[Site "Napoli"]
[Date "2012.06.07"]
[Round "2"]
[White "Grasso, Nino"]
[Black "Andreoli, Mark"]
[Result "1-0"]
[WhiteElo "2010"]
[BlackElo "1967"]
[PlyCount "96"]
[EventDate "2012.05.31"]
[EventType "swiss"]
[EventRounds "7"]
[EventCountry "ITA"]
[SourceTitle "EXT 2018"]
[Source "ChessBase"]
[SourceDate "2017.10.13"]
[SourceVersion "1"]
[SourceVersionDate "2017.10.13"]
[SourceQuality "1"]

1. e4 c5 2. d4 cxd4 3. c3 dxc3 4. Nxc3 e6 5. Nf3 Nc6 6. Bc4 Qc7 7. 0-0 Nf6 8. Nb5 Qb8 9. e5 a6 10. Nd6+ Bxd6 11. exd6 b5 12. Bb3 Bb7 13. Bf4 Nb4 14. Re1 Bd5 15. Be5 Qb7 16. Nh4 Bxb3 17. Qxb3 Nbd5 18. Nf5 0-0 19. Nxg7 Kxg7 20. Qg3+ Kh8 21. Qg5 Rg8 22. Bxf6+ Nxf6 23. Qxf6+ Rg7 24. g3 Rc8 25. Rac1 Kg8 26. Rc7 Qb8 27. Rec1 Rf8 28. Rxd7 Rg6 29. Qf3 Qb6 30. Rcc7 Rg7 31. Qf6 Qa5 32. a3 Qe1+ 33. Kg2 Rg6 34. Rxf7 Qe4+ 35. Qf3 Qxf3+ 36. Rxf3 Rd8 37. d7 Rg7 38. Rd3 Kf8 39. f4 Ke7 40. Ra7 e5 41. fxe5 Rg6 42. Kf3 Rc6 43. b4 Ke6 44. Ke4 h5 45. h3 Rc4+ 46. Rd4 Rc6 47. g4 hxg4 48. hxg4 Ke7 1-0

[Event "Ischia op 3rd"]
[Site "Ischia "]
[Date "2011.08.02"]
[Round "8"]
[White "Andreoli, Mark"]
[Black "Lyons, Brendan"]
[Result "0-1"]
[WhiteElo "1991"]
[BlackElo "1966"]
[PlyCount "52"]
[EventDate "2011.07.26"]
[EventType "swiss"]
[EventRounds "9"]
[EventCountry "ITA"]
[SourceTitle "EXT 2014"]
[Source "ChessBase"]
[SourceDate "2013.11.20"]
[SourceVersion "1"]
[SourceVersionDate "2013.11.20"]
[SourceQuality "1"]

1. e4 d5 2. Nf3 dxe4 3. Ng5 Bf5 4. g4 Bg6 5. Bg2 h6 6. Nxe4 c6 7. 0-0 e6 8. d4 Nf6 9. Nbc3 Nbd7 10. Bf4 Nd5 11. Nxd5 cxd5 12. Nd6+ Bxd6 13. Bxd6 Qb6 14. Ba3 h5 15. g5 0-0-0 16. c4 dxc4 17. Rc1 Ne5 18. Qe2 Qxd4 19. Rfd1 Bd3 20. Rxd3 Nxd3 21. Qf3 Rd7 22. Rd1 Qg4 23. Rxd3 cxd3 24. Qe3 d2 25. Qc5+ Kb8 26. Qe5+ Ka8 0-1

[Event "Robecchetto op-A 21th"]
[Site "Robecchetto"]
[Date "2010.12.28"]
[Round "2"]
[White "Temi, Walter"]
[Black "Andreoli, Mark"]
[Result "1-0"]
[WhiteElo "2100"]
[BlackElo "1995"]
[PlyCount "61"]
[EventDate "2010.12.27"]
[EventType "swiss"]
[EventRounds "6"]
[EventCountry "ITA"]
[SourceTitle "EXT 2024"]
[Source "ChessBase"]
[SourceDate "2023.10.10"]
[SourceVersion "1"]
[SourceVersionDate "2023.10.10"]
[SourceQuality "1"]

1. e4 c5 2. Nf3 d6 3. c3 Nf6 4. h3 g6 5. Bd3 Bg7 6. 0-0 0-0 7. Bc2 Nc6 8. d4 cxd4 9. cxd4 d5 10. e5 Ne4 11. Re1 Bf5 12. Nbd2 Nxd2 13. Bxd2 Bxc2 14. Qxc2 Qb6 15. Bc3 Rac8 16. Rad1 e6 17. h4 Na5 18. h5 Nc4 19. Kh2 f6 20. hxg6 fxe5 21. dxe5 Rxf3 22. gxh7+ Kh8 23. gxf3 Qd8 24. Qg6 Qh4+ 25. Kg2 Rf8 26. Rd4 Qe7 27. Rg4 Rf5 28. Rh1 Rf8 29. Bb4 Nxe5 30. Bxe7 Nxg6 31. Rxg6 1-0

[Event "Alto Sangro op 10th"]
[Site "Castel di Sangro "]
[Date "2010.12.05"]
[Round "5"]
[White "Lamberti, Valerio"]
[Black "Andreoli, Mark"]
[Result "0-1"]
[WhiteElo "1760"]
[BlackElo "1995"]
[PlyCount "56"]
[EventDate "2010.12.03"]
[EventType "swiss"]
[EventRounds "6"]
[EventCountry "ITA"]
[SourceTitle "EXT 2012"]
[Source "ChessBase"]
[SourceDate "2011.11.24"]
[SourceVersion "1"]
[SourceVersionDate "2011.11.24"]
[SourceQuality "1"]

1. e4 c5 2. Nf3 d6 3. d4 cxd4 4. Nxd4 Nf6 5. Nc3 g6 6. Be3 Bg7 7. Be2 0-0 8. 0-0 Nc6 9. Kh1 Nxd4 10. Bxd4 Be6 11. f4 Qc7 12. f5 Bc4 13. Bxc4 Qxc4 14. Qd3 Rfc8 15. Rad1 b5 16. b3 Qxd3 17. cxd3 b4 18. Na4 Rc2 19. Rf2 Rxf2 20. Bxf2 Ng4 21. Be1 Rc8 22. h3 Ne3 23. Rd2 Rc1 24. Re2 Nc2 25. Rxc2 Rxc2 26. Bxb4 Rxa2 27. Nc3 Bxc3 28. Bxc3 Ra3 0-1

[Event "Alto Sangro op 10th"]
[Site "Castel di Sangro "]
[Date "2010.12.04"]
[Round "4"]
[White "Vena, Antonio"]
[Black "Andreoli, Mark"]
[Result "1-0"]
[WhiteElo "1599"]
[BlackElo "1995"]
[PlyCount "111"]
[EventDate "2010.12.03"]
[EventType "swiss"]
[EventRounds "6"]
[EventCountry "ITA"]
[SourceTitle "EXT 2012"]
[Source "ChessBase"]
[SourceDate "2011.11.24"]
[SourceVersion "1"]
[SourceVersionDate "2011.11.24"]
[SourceQuality "1"]

1. e4 c5 2. c3 d5 3. exd5 Nf6 4. Nf3 Nxd5 5. d4 e6 6. c4 Nf6 7. Nc3 Be7 8. Be3 cxd4 9. Qxd4 Qa5 10. Be2 Nc6 11. Qd2 Bb4 12. Qd3 0-0 13. Bd2 Rd8 14. Qc2 e5 15. 0-0 Nd4 16. Nxd4 exd4 17. Ne4 Bxd2 18. Nxd2 Be6 19. Rfd1 Rac8 20. b3 Nd5 21. Nf3 Nc3 22. Rxd4 Rxd4 23. Nxd4 Nxe2+ 24. Qxe2 Qc3 25. Rd1 Rd8 26. Nxe6 Rxd1+ 27. Qxd1 fxe6 28. Kf1 a5 29. g3 a4 30. Qe1 Qd3+ 31. Qe2 Qb1+ 32. Kg2 Kf7 33. Qf3+ Kg6 34. Qxb7 Qxa2 35. Qe4+ Kf6 36. bxa4 Qxa4 37. Qf3+ Kg6 38. c5 Qc4 39. c6 e5 40. g4 Kh6 41. h4 Qe6 42. Qe3+ Kg6 43. Qg5+ Kf7 44. Qf5+ Qxf5 45. gxf5 Ke7 46. Kf3 Kd6 47. Ke4 Kxc6 48. Kxe5 Kd7 49. f6 g6 50. f3 h6 51. f4 Ke8 52. Ke6 Kf8 53. f7 h5 54. Kf6 g5 55. Kxg5 Kxf7 56. Kxh5 1-0

[Event "Alto Sangro op 10th"]
[Site "Castel di Sangro "]
[Date "2010.12.03"]
[Round "1"]
[White "Andreoli, Mark"]
[Black "Martingano, Giuseppe"]
[Result "1-0"]
[WhiteElo "1995"]
[BlackElo "1708"]
[PlyCount "61"]
[EventDate "2010.12.03"]
[EventType "swiss"]
[EventRounds "6"]
[EventCountry "ITA"]
[SourceTitle "EXT 2012"]
[Source "ChessBase"]
[SourceDate "2011.11.24"]
[SourceVersion "1"]
[SourceVersionDate "2011.11.24"]
[SourceQuality "1"]

1. e4 d5 2. Nf3 dxe4 3. Ng5 e5 4. Nxe4 Bf5 5. Ng3 Qd7 6. Nxf5 Qxf5 7. Bc4 Nc6 8. 0-0 0-0-0 9. d3 h5 10. Nc3 Bc5 11. Be3 Bd4 12. Qd2 Nge7 13. Bxd4 Nxd4 14. f4 f6 15. fxe5 Qxe5 16. Rae1 Qc5 17. Qf2 Nec6 18. Ne4 Qf8 19. c3 f5 20. Ng5 Qf6 21. Nf7 b5 22. Nxd8 Rxd8 23. cxd4 bxc4 24. dxc4 Qxd4 25. Qxd4 Nxd4 26. Re7 g6 27. Rg7 Rd6 28. Re1 a5 29. Re5 Nc6 30. Rd5 Ne5 31. Rxe5 1-0

[Event "Ischia op"]
[Site "Ischia"]
[Date "2010.??.??"]
[Round "1"]
[White "Safranska, Anda"]
[Black "Andreoli, Mark"]
[Result "1-0"]
[WhiteElo "2285"]
[BlackElo "2010"]
[PlyCount "95"]
[EventDate "2010.02.??"]
[EventType "swiss"]
[EventRounds "9"]
[EventCountry "ITA"]
[SourceTitle "EXT 2012"]
[Source "ChessBase"]
[SourceDate "2011.11.24"]
[SourceVersion "1"]
[SourceVersionDate "2011.11.24"]
[SourceQuality "1"]

1. e4 c5 2. g3 d5 3. d3 dxe4 4. dxe4 Qxd1+ 5. Kxd1 Nf6 6. f3 Nc6 7. c3 a6 8. Be3 e6 9. Nd2 b5 10. a4 b4 11. a5 Be7 12. Nh3 Nd7 13. Nf2 Bf6 14. Ng4 bxc3 15. Nxf6+ gxf6 16. bxc3 Rb8 17. Kc2 Ke7 18. Nb3 Nce5 19. Be2 c4 20. Nd2 Bb7 21. Rhb1 Rhc8 22. Ba7 Bc6 23. Bxb8 Nxb8 24. f4 Ned7 25. Bxc4 Nc5 26. Re1 Rd8 27. Re3 Ba4+ 28. Kc1 Nc6 29. Rb1 Nxa5 30. Be2 Ncb3+ 31. Nxb3 Nxb3+ 32. Kb2 Nc5 33. Ka3 Bc2 34. Rb4 a5 35. Rb5 Rc8 36. Rxa5 Bxe4 37. Kb4 Nb7 38. Ra7 Bc6 39. Ba6 Rb8 40. Bxb7 Bxb7 41. Kc5 Ke8 42. c4 f5 43. Rd3 Rc8+ 44. Kb6 Be4 45. Rdd7 Rxc4 46. Rxf7 Ra4 47. Rxh7 Rxa7 48. Rxa7 1-0

[Event "Robecchetto op-A"]
[Site "Robecchetto"]
[Date "2005.12.27"]
[Round "2"]
[White "Andreoli, Mark"]
[Black "Cervini, Gian Piero"]
[Result "1-0"]
[WhiteElo "2052"]
[BlackElo "2028"]
[PlyCount "41"]
[EventDate "2005.12.27"]
[EventType "swiss"]
[EventRounds "6"]
[EventCountry "ITA"]
[SourceTitle "CBM 110 Extra"]
[Source "ChessBase"]
[SourceDate "2006.03.10"]
[SourceVersion "2"]
[SourceVersionDate "2006.03.10"]
[SourceQuality "1"]

1. e4 d6 2. d4 Nf6 3. Nc3 g6 4. Bc4 Bg7 5. Qe2 c6 6. Bb3 e5 7. Nf3 exd4 8. Nxd4 0-0 9. 0-0 Nbd7 10. Bg5 Nc5 11. Rfe1 h6 12. Bh4 g5 13. Bg3 Nfxe4 14. Nxe4 Bxd4 15. Bxd6 Nxe4 16. Qxe4 Qxd6 17. Rad1 Bxf2+ 18. Kxf2 Qf6+ 19. Kg1 Bf5 20. Qb4 Qxb2 21. Bxf7+ 1-0

[Event "Napoli Parthenope op 1st"]
[Site "Napoli"]
[Date "2005.05.15"]
[Round "5"]
[White "Rosato, Luciano"]
[Black "Andreoli, Mark"]
[Result "1/2-1/2"]
[WhiteElo "2225"]
[BlackElo "2041"]
[PlyCount "77"]
[EventDate "2005.05.13"]
[EventType "swiss"]
[EventRounds "6"]
[EventCountry "ITA"]
[SourceTitle "EXT 2007"]
[Source "ChessBase"]
[SourceDate "2006.11.23"]
[SourceVersion "1"]
[SourceVersionDate "2006.11.23"]
[SourceQuality "1"]

1. d4 c5 2. d5 f5 3. c4 Nf6 4. Nc3 g6 5. f3 d6 6. e4 fxe4 7. fxe4 Bg7 8. Nf3 Nbd7 9. Be2 0-0 10. 0-0 Ng4 11. h3 Nge5 12. Be3 Nxf3+ 13. Bxf3 Ne5 14. Be2 Rxf1+ 15. Bxf1 Bd7 16. Qd2 Qa5 17. a3 Bxh3 18. Be2 Bg4 19. Rf1 Rf8 20. Rxf8+ Bxf8 21. Bg5 Qd8 22. Bxg4 Nxg4 23. Ne2 Bg7 24. Qf4 h5 25. b3 Be5 26. Qf3 Qa5 27. g3 Qe1+ 28. Kg2 Nf6 29. a4 Qb1 30. Bxf6 exf6 31. Kh3 g5 32. Kg2 Qc2 33. Qxh5 Qxe4+ 34. Qf3 Qc2 35. Qg4 Qxb3 36. Qe6+ Kg7 37. Qe7+ Kg6 38. Qe8+ Kg7 39. Qe7+ 1/2-1/2

[Event "Napoli Parthenope op 1st"]
[Site "Napoli"]
[Date "2005.05.14"]
[Round "3"]
[White "Tortora, Antonio"]
[Black "Andreoli, Mark"]
[Result "0-1"]
[WhiteElo "1774"]
[BlackElo "2041"]
[PlyCount "64"]
[EventDate "2005.05.13"]
[EventType "swiss"]
[EventRounds "6"]
[EventCountry "ITA"]
[SourceTitle "EXT 2007"]
[Source "ChessBase"]
[SourceDate "2006.11.23"]
[SourceVersion "1"]
[SourceVersionDate "2006.11.23"]
[SourceQuality "1"]

1. Nf3 d5 2. g3 c5 3. Bg2 Nc6 4. 0-0 e5 5. d3 f5 6. e4 fxe4 7. dxe4 d4 8. Nbd2 Nf6 9. Qe2 Bd6 10. a4 0-0 11. h3 Qe7 12. Nc4 b6 13. Nxd6 Qxd6 14. Nh4 Nb4 15. Nf5 Qe6 16. Qd1 Ba6 17. Re1 d3 18. cxd3 Nxd3 19. Bf1 Rad8 20. Bxd3 Bxd3 21. g4 Bxe4 22. Qe2 Bxf5 23. gxf5 Qxf5 24. Qxe5 Qxh3 25. Qe6+ Qxe6 26. Rxe6 Rd1+ 27. Kg2 Re8 28. Rxe8+ Nxe8 29. b3 Nd6 30. f3 Nf5 31. Kf2 Nd4 32. Rb1 a5 0-1

[Event "Napoli Parthenope op 1st"]
[Site "Napoli"]
[Date "2005.05.13"]
[Round "2"]
[White "Andreoli, Mark"]
[Black "Collutiis, Duilio"]
[Result "0-1"]
[WhiteElo "2041"]
[BlackElo "2382"]
[PlyCount "52"]
[EventDate "2005.05.13"]
[EventType "swiss"]
[EventRounds "6"]
[EventCountry "ITA"]
[SourceTitle "EXT 2007"]
[Source "ChessBase"]
[SourceDate "2006.11.23"]
[SourceVersion "1"]
[SourceVersionDate "2006.11.23"]
[SourceQuality "1"]

1. e4 c5 2. d4 cxd4 3. c3 dxc3 4. Nxc3 e6 5. Nf3 a6 6. Bc4 b5 7. Bb3 Bb7 8. Qe2 d6 9. 0-0 Nd7 10. Rd1 b4 11. Na4 Ngf6 12. Bg5 Be7 13. Bxf6 Nxf6 14. e5 Nd5 15. exd6 Qxd6 16. Rac1 0-0 17. Nc5 Nf4 18. Qe3 Bd5 19. Ne4 Qb8 20. Nc5 Ra7 21. Rd4 Rc7 22. Rxf4 Rxc5 23. Rxc5 Bxc5 24. Qd2 Bxb3 25. axb3 Rd8 26. Qc1 Qxf4 0-1

[Event "San Martino di Castrozza op 3rd"]
[Site "San Martino di Castrozza"]
[Date "2002.07.06"]
[Round "6"]
[White "Lotti, Fabio"]
[Black "Andreoli, Mark"]
[Result "1/2-1/2"]
[WhiteElo "2045"]
[BlackElo "2065"]
[PlyCount "36"]
[EventDate "2002.07.01"]
[EventType "swiss"]
[EventRounds "7"]
[EventCountry "ITA"]
[SourceTitle "EXT 2007"]
[Source "ChessBase"]
[SourceDate "2006.11.23"]
[SourceVersion "1"]
[SourceVersionDate "2006.11.23"]
[SourceQuality "1"]

1. d4 c5 2. d5 f5 3. c4 Nf6 4. Nc3 g6 5. h4 Bg7 6. e4 fxe4 7. h5 Nxh5 8. Rxh5 gxh5 9. Qxh5+ Kf8 10. Bh6 Bxh6 11. Qxh6+ Kg8 12. Qg5+ Kf7 13. Be2 Qb6 14. Bh5+ Kf8 15. d6 Qxd6 16. Nxe4 Qe6 17. Qf4+ Kg7 18. Qg5+ Kf8 1/2-1/2

[Event "San Martino di Castrozza op 3rd"]
[Site "San Martino di Castrozza"]
[Date "2002.07.02"]
[Round "2"]
[White "Andreoli, Mark"]
[Black "Dal Zovo, Claudio"]
[Result "1-0"]
[WhiteElo "2065"]
[BlackElo "1732"]
[PlyCount "81"]
[EventDate "2002.07.01"]
[EventType "swiss"]
[EventRounds "7"]
[EventCountry "ITA"]
[SourceTitle "EXT 2007"]
[Source "ChessBase"]
[SourceDate "2006.11.23"]
[SourceVersion "1"]
[SourceVersionDate "2006.11.23"]
[SourceQuality "1"]

1. e4 e6 2. d4 d5 3. e5 c5 4. Qg4 Nc6 5. Nf3 cxd4 6. Bd3 Nge7 7. 0-0 Ng6 8. Re1 Bd7 9. a3 Rc8 10. b4 a6 11. Nbd2 Qc7 12. Qg3 Bxb4 13. axb4 Nxb4 14. Ba3 Nxd3 15. cxd3 Qc3 16. h4 h5 17. Rec1 Qxd3 18. Rxc8+ Bxc8 19. Bc5 Bd7 20. Bxd4 0-0 21. Qg5 Rc8 22. Qxh5 Nf4 23. Qg4 Ne2+ 24. Kh2 Nxd4 25. Qxd4 Bb5 26. Qxd3 Bxd3 27. Nd4 Kf8 28. Kg3 Ke7 29. Kf4 f6 30. g4 Bg6 31. Re1 Bf7 32. h5 Kd7 33. Rb1 Kc7 34. Rc1+ Kd7 35. Rxc8 Kxc8 36. exf6 gxf6 37. h6 e5+ 38. Kf5 Bg8 39. Kxf6 Bh7 40. g5 exd4 41. g6 1-0

[Event "Ischia op"]
[Site "Ischia"]
[Date "1998.??.??"]
[Round "?"]
[White "Andreoli, Mark"]
[Black "Naumkin, Igor"]
[Result "1/2-1/2"]
[WhiteElo "2055"]
[BlackElo "2435"]
[PlyCount "47"]
[EventDate "1998.??.??"]
[EventType "swiss"]
[EventRounds "7"]
[EventCountry "ITA"]
[SourceTitle "EXT 2000"]
[Source "ChessBase"]
[SourceDate "1999.11.16"]
[SourceVersion "1"]
[SourceVersionDate "1999.11.16"]
[SourceQuality "1"]

1. e4 e6 2. d4 d5 3. exd5 exd5 4. Bd3 Nc6 5. c3 Bd6 6. Qf3 Be6 7. Ne2 Qd7 8. Bf4 Bxf4 9. Nxf4 0-0-0 10. Nxe6 fxe6 11. Nd2 Nge7 12. 0-0-0 e5 13. dxe5 Nxe5 14. Qe2 N7c6 15. Nf3 Qd6 16. Nxe5 Nxe5 17. g3 Qf6 18. f4 Nxd3+ 19. Qxd3 h5 20. Rhe1 g5 21. fxg5 Qxg5+ 22. Qe3 Qxe3+ 23. Rxe3 c6 24. Rd4 1/2-1/2

[Event "Sant' Anna op"]
[Site "Pisignano di Vernole"]
[Date "1998.??.??"]
[Round "2"]
[White "Ferraro, Francesco"]
[Black "Andreoli, Mark"]
[Result "0-1"]
[WhiteElo "2060"]
[BlackElo "2055"]
[PlyCount "77"]
[EventDate "1998.??.??"]
[EventType "swiss"]
[EventRounds "6"]
[EventCountry "ITA"]
[SourceTitle "EXT 2003"]
[Source "ChessBase"]
[SourceDate "2002.11.25"]
[SourceVersion "1"]
[SourceVersionDate "2002.11.25"]
[SourceQuality "1"]

1. d4 Nf6 2. Nf3 g6 3. Bf4 Bg7 4. e3 d6 5. c3 Nbd7 6. Bc4 0-0 7. 0-0 Nh5 8. Bg5 h6 9. Bh4 g5 10. Bg3 Nxg3 11. hxg3 e5 12. Nbd2 c6 13. dxe5 d5 14. Bd3 g4 15. Nd4 Nxe5 16. Bf5 Qg5 17. Qc2 c5 18. Bh7+ Kh8 19. Ne2 f5 20. Nf4 Rd8 21. Bxf5 Bxf5 22. Qb3 c4 23. Qb4 Nd3 24. Rfd1 a6 25. Qxb7 Rab8 26. Qxa6 Nxb2 27. Rac1 Nd3 28. Rc2 Nxf2 29. e4 Nxe4 30. Nxe4 Bxe4 31. Rcc1 Be5 32. a4 Bxf4 33. gxf4 Qxf4 34. Rf1 Qe3+ 35. Kh2 g3+ 36. Kh3 Bxg2+ 37. Kxg2 Rb2+ 38. Kh3 Rh2+ 39. Kg4 0-1

[Event "Sant' Anna op"]
[Site "Pisignano di Vernole"]
[Date "1998.??.??"]
[Round "5"]
[White "Laketic, Gojko"]
[Black "Andreoli, Mark"]
[Result "1-0"]
[WhiteElo "2405"]
[BlackElo "2055"]
[PlyCount "53"]
[EventDate "1998.??.??"]
[EventType "swiss"]
[EventRounds "6"]
[EventCountry "ITA"]
[SourceTitle "EXT 2003"]
[Source "ChessBase"]
[SourceDate "2002.11.25"]
[SourceVersion "1"]
[SourceVersionDate "2002.11.25"]
[SourceQuality "1"]

1. d4 c5 2. d5 f5 3. c4 Nf6 4. Nc3 g6 5. h3 d6 6. g3 Bg7 7. Bg2 0-0 8. Nf3 Na6 9. 0-0 Nc7 10. Rb1 a6 11. b4 cxb4 12. Rxb4 b5 13. Nd4 a5 14. Rxb5 Nxb5 15. cxb5 Bd7 16. Nc6 Bxc6 17. dxc6 e6 18. Qb3 d5 19. b6 Rc8 20. c7 Qe8 21. Bf4 Nd7 22. b7 Nc5 23. bxc8Q Nxb3 24. Qxe8 Rxe8 25. axb3 Bxc3 26. Rc1 d4 27. Bb7 1-0